000 00546nam a22001937a 4500
003 KOHA_MİRAKIL
005 20251024171519.0
008 251024b tu ||||| |||| 00| 0 tur d
020 _a9789750529399
040 _aTR-AnABB
_btur
_cTR-AnABB
041 _atur
082 _a843.914
_bLE 2020
100 1 _aLe Clezio, J.M.G,
245 1 0 _aAyağın hikayesi ve diğer fanteziler /
260 _aİstanbul :
_bİletişim Yayınları,
_c2020
300 _a297 sayfa ;
_c20 cm
650 0 4 _aFransız edebiyatı, roman
942 _2ddc
_cBK
999 _c9224
_d9224
900 _bGizem YORULMAZ